| 000 | 00706nam a2200205Ia 4500 | ||
|---|---|---|---|
| 999 |
_c35740 _d35740 |
||
| 001 | 1619 | ||
| 003 | GE_BSU | ||
| 005 | 20221114175223.0 | ||
| 008 | 181216s2006||||ru |||||||||||||| ||rus|| | ||
| 020 | _a5881110765x | ||
| 040 | _cGE_BSU | ||
| 080 | _a69+624.014.04 С-86 | ||
| 245 |
_aСтроительные нормы и правила : _bСтальные конструкции. СН и П II-23-81/ |
||
| 250 | _aИздание официальное. | ||
| 264 |
_aМ., _c2006. |
||
| 300 |
_a90 стр.; _b28 см. |
||
| 653 | _aСтоительные нормы и правила. | ||
| 653 | _aსამშენებლო წესები და ნორმები | ||
| 942 |
_cBK _2udc |
||